000
00285nam a22001217a 4500
008
180221b xxu||||| |||| 00| 0 eng d
041
_a
eng
080
_a
32
100
_a
23
101
_a
POL
245
_a
THE PLACE OF SCINENCE IN MODERN CIVILISATION
_c
VEBLEN
942
_2
udc
_c
BK
999
_c
43005
_d
43005